00882nam a2200265 45000010008000000030009000080050017000170070008000340080040000420200015000820400022000970820024001191000019001432450091001622600044002533000026002974900027003237000026003508300027003769420012004039450028004159520118004439560038005619990017005990011761DO-SdBNP20180208110712.00011761161114b 1988 sp||||| |||| 00| 0 spa d a8477122075 aBPMSUbspacBPMSU axxxxxxxxxbxxxxxxxx1 aCarroll, Lewis10aAlicia en el país de las maravillas /cLewis Carroll ; ilustración Francesc Rovira aBarcelona :bEditorial multilibroc1988 a26 p. :bil.,c20 cm. aCuentos clásicosv111 aRovira, Francesceil. 0aCuentos clásicosv11 2ddccBK ainventariado, 2018 / dg 00102ddc40708CJ-GaBPMETbBPMETd2016-11-14l0oxxxxxxxxx xxxxxxxxpBPMSU16111304r2016-11-14w2016-11-14yBK aBTAVÁREZb10c20161114d0011761 c11947d11947